A hundred years of British philosophy, (Record no. 120906)
[ view plain ]
| 000 -LEADER | |
|---|---|
| fixed length control field | 01304cam a2200325I 4500 |
| 001 - CONTROL NUMBER | |
| control field | 4612021 |
| 003 - CONTROL NUMBER IDENTIFIER | |
| control field | ARRUPE |
| 005 - DATE AND TIME OF LATEST TRANSACTION | |
| control field | 20140923115725.0 |
| 008 - FIXED-LENGTH DATA ELEMENTS--GENERAL INFORMATION | |
| fixed length control field | 750730s1938 enk 000 0 eng d |
| 035 ## - SYSTEM CONTROL NUMBER | |
| System control number | (OCoLC)ocm01491705 |
| 035 ## - SYSTEM CONTROL NUMBER | |
| System control number | (NNC)4612021 |
| 040 ## - CATALOGING SOURCE | |
| Original cataloging agency | TOL |
| Transcribing agency | TOL |
| Modifying agency | LFM |
| -- | OCL |
| 098 ## - OTHER CLASSIFICATION SCHEMES (OCLC) | |
| Call number based on other classification scheme | QM2 |
| 300 ## - PHYSICAL DESCRIPTION | |
| Dimensions | 23 cm. |
| 100 1# - MAIN ENTRY--PERSONAL NAME | |
| Personal name | Metz, Rudolf, |
| Dates associated with a name | 1891- |
| 9 (RLIN) | 11481 |
| 245 12 - TITLE STATEMENT | |
| Title | A hundred years of British philosophy, |
| Statement of responsibility, etc | by Dr. Rudolph Metz; translated by Professor J. W. Harvey...Professor T. E. Jessop...Henry Sturt...edited by J. H. Muirhead... |
| 260 ## - PUBLICATION, DISTRIBUTION, ETC. (IMPRINT) | |
| Place of publication, distribution, etc | London, |
| Name of publisher, distributor, etc | G. Allen & Unwin ltd.; |
| Place of publication, distribution, etc | New York |
| Name of publisher, distributor, etc | The Macmillan company |
| Date of publication, distribution, etc | [1938] |
| 300 ## - PHYSICAL DESCRIPTION | |
| Extent | 828 p. |
| 490 1# - SERIES STATEMENT | |
| Series statement | Library of philosophy; general editor: J. H. Muirhead |
| 504 ## - BIBLIOGRAPHY, ETC. NOTE | |
| Bibliography, etc | Includes bibliographies. |
| 650 #0 - SUBJECT ADDED ENTRY--TOPICAL TERM | |
| Topical term or geographic name as entry element | Philosophy, British. |
| 9 (RLIN) | 11482 |
| 650 #0 - SUBJECT ADDED ENTRY--TOPICAL TERM | |
| Topical term or geographic name as entry element | Philosophy |
| Geographic subdivision | Great Britain |
| General subdivision | History. |
| 9 (RLIN) | 11483 |
| 650 #0 - SUBJECT ADDED ENTRY--TOPICAL TERM | |
| Topical term or geographic name as entry element | Philosophers |
| Geographic subdivision | Great Britain. |
| 9 (RLIN) | 11484 |
| 700 1# - ADDED ENTRY--PERSONAL NAME | |
| Personal name | Muirhead, John H. |
| Fuller form of name | (John Henry), |
| Dates associated with a name | 1855-1940, |
| Relator term | editor. |
| 9 (RLIN) | 11485 |
| 700 1# - ADDED ENTRY--PERSONAL NAME | |
| Personal name | Harvey, John W. |
| Fuller form of name | (John Wilfred), |
| Dates associated with a name | 1889-, |
| Relator term | translator. |
| 9 (RLIN) | 11486 |
| 700 1# - ADDED ENTRY--PERSONAL NAME | |
| Personal name | Jessop, T. E. |
| Fuller form of name | (Thomas Edmund), |
| Dates associated with a name | 1896-1980, |
| Relator term | translator. |
| 9 (RLIN) | 11487 |
| 700 1# - ADDED ENTRY--PERSONAL NAME | |
| Personal name | Sturt, Henry, |
| Dates associated with a name | 1863-1946, |
| Relator term | translator. |
| 9 (RLIN) | 11488 |
| 830 #0 - SERIES ADDED ENTRY--UNIFORM TITLE | |
| Uniform title | Library of philosophy. |
| 9 (RLIN) | 11489 |
| 942 ## - ADDED ENTRY ELEMENTS (KOHA) | |
| Source of classification or shelving scheme | Library of Congress Classification |
| Koha item type | Monograph ( Printed materials) |
| Withdrawn status | Lost status | Source of classification or shelving scheme | Damaged status | Not for loan | Collection code | Home library | Current library | Shelving location | Date acquired | Total Checkouts | Full call number | Barcode | Date last seen | Date checked out | Price effective from | Koha item type |
|---|---|---|---|---|---|---|---|---|---|---|---|---|---|---|---|---|
| Library of Congress Classification | Main Collection | ARRUPE LIBRARY | ARRUPE LIBRARY | Main Collection | 23/09/2014 | 1 | B1563.M42 | 46500000444 | 05/04/2019 | 22/03/2019 | 23/09/2014 | Monograph ( Printed materials) |